Statistics for AFL NAB Rising Star Winners

Click here to take the quiz!

General Stats

  • This quiz has been taken 451 times
  • The average score is 6 of 20

Answer Stats

YearPlayer% Correct
1993Nathan Buckley
59%
2002Nick Riewoldt
50%
2007Joel Selwood
49%
2011Dyson Heppell
42%
2009Daniel Rich
39%
1996Ben Cousins
38%
2008Rhys Palmer
38%
1999Adam Goodes
36%
2005Brett Deledio
35%
2012Daniel Talia
34%
2003Sam Mitchell
33%
2006Danyle Pearce
27%
2010Daniel Hannebery
26%
2004Jared Rivers
21%
1994Chris Scott
16%
2001Justin Koschitzke
16%
1995Nick Holland
15%
2000Paul Hasleby
12%
1998Byron Pickett
10%
1997Michael Wilson
10%

Score Distribution

Percentile by Number Answered

Percent of People with Each Score

Your Score History

You have not taken this quiz